|
|
|
|
| LEADER |
00642cam a2200205 a 4500 |
| 001 |
0000029484 |
| 005 |
19980128090000.0 |
| 040 |
|
|
|a mod
|
| 041 |
|
|
|a eng
|
| 020 |
0 |
0 |
|a 434130095
|
| 090 |
0 |
0 |
|a 942.082
|b GIL
|
| 100 |
1 |
0 |
|a Gilbert
|h Martin
|
| 245 |
1 |
0 |
|a Winston S. Churchill
|b Vol.III 1914-1916
|c Martin Gilbert
|
| 260 |
0 |
0 |
|a London
|b Heinemann
|c 1971
|
| 300 |
0 |
0 |
|a xxxvii, 988p.
|b ill.
|c 23cm
|
| 600 |
0 |
0 |
|a Churchill
|h Winston
|f Sir
|y 1874-1965
|
| 650 |
0 |
0 |
|a Prime Ministers
|z Great Britain
|x Biography
|
| 651 |
0 |
0 |
|a Great Britain
|x Politics and government
|y 20th century
|
| 852 |
0 |
0 |
|a 01
|
| 999 |
|
|
|a 0007474
|b KEMENTAH
|d BOOKS
|e Umum
|f Perpustakaan KEMENTAH
|j AVAILABLE
|q OLD
|